000 00779 a2200205 4500
001 57771
005 20260407155837.0
008 260407a1985 arg spa d
003 AR-UNSa-BCEJYS
040 _aAR-UNSa-BCEJYS
_bspa
_cAR-UNSa-BCEJYS
080 _a339.5
_xComercio exterior. Comercio Internacional
245 1 0 _aBicicletas y componentes
_pestudio piloto de posibilidades de comercio entre países en desarrollo
264 1 _aGinebra :
_bCentro de Comercio Internacional
_c1985
300 _a165 p.
_c23 cm.
505 _a1. El mercado mundial – 2. India – 3. Brasil – 4. Egipto – 5. Indonesia – 6. Tailandia – 7. Malasia
041 _aspa
942 _cBK
590 _aniveau_biblio:m niveau_hierar:0
100 1 _aCentro de Comercio Internacional (CCI)
999 _c6283
_d6283